[Event "London Classic FIDE Open"]
[Site "London ENG"]
[Date "2011.12.06"]
[Round "4"]
[White "Fields, Francis E"]
[Black "Wood, Peter R"]
[Result "1-0"]
[WhiteElo "1897"]
[BlackElo "2027"]
[WhiteFideId "409367"]
[BlackFideId "422215"]
[EventDate "2011.12.03"]

1. Nf3 e6 2. b3 f5 3. Bb2 Nf6 4. e3 Be7 5. d4 O-O 6. Bd3 Nc6 7. O-O Qe8 8. Nbd2
Nb4 9. Be2 d6 10. a3 Nc6 11. c4 a5 12. Qc2 Bd7 13. Rad1 Bd8 14. Bd3 Qh5 15. Rfe1
g5 16. Nf1 Ne7 17. Be2 g4 18. N3d2 Bc6 19. Ng3 Qg5 20. Nb1 h5 21. d5 exd5 22.
Bxf6 Rxf6 23. cxd5 Bxd5 24. Bc4 Bxc4 25. Qxc4+ d5 26. Qb5 Rb6 27. Qe8+ Kh7 28.
Nc3 c6 29. Na4 Rb5 30. Nxh5 Qg6 31. Qxg6+ Kxg6 32. Nf4+ Kf6 33. Rd3 Bc7 34. Ne2
Be5 35. Nd4 Bxd4 36. exd4 Re8 37. Nc5 Kf7 38. Rde3 b6 39. Nb7 1-0

[Event "London Classic FIDE Open"]
[Site "London ENG"]
[Date "2011.12.06"]
[Round "4"]
[White "McCarthy, Damian"]
[Black "Heaton, Paul"]
[Result "1/2-1/2"]
[WhiteElo "1882"]
[BlackElo "2026"]
[WhiteFideId "422240"]
[BlackFideId "411116"]
[EventDate "2011.12.03"]

1. Nf3 c5 2. c4 Nf6 3. g3 g6 4. Bg2 Bg7 5. Nc3 O-O 6. O-O d6 7. d3 Nc6 8. e4 Rb8
9. a3 a6 10. Rb1 b5 11. cxb5 axb5 12. b4 cxb4 13. axb4 e5 14. Ne1 Bd7 15. Nc2
Qc7 16. Bd2 Rfc8 17. Ne3 Nd4 18. Ned5 Nxd5 19. Nxd5 Qd8 20. Bc3 Be6 21. Bxd4
Bxd5 22. Bxe5 Bxe4 23. Bxg7 Bxg2 24. Kxg2 Kxg7 25. Qd2 1/2-1/2

[Event "London Classic FIDE Open"]
[Site "London ENG"]
[Date "2011.12.06"]
[Round "4"]
[White "Rutten, David"]
[Black "Bryant, Jon"]
[Result "1/2-1/2"]
[WhiteElo "1861"]
[BlackElo "2012"]
[WhiteFideId "1001604"]
[BlackFideId "416703"]
[EventDate "2011.12.03"]

1. d4 e6 2. e4 d5 3. Nd2 Nf6 4. e5 Nfd7 5. Bd3 c5 6. c3 Nc6 7. Ne2 cxd4 8. cxd4
f6 9. exf6 Nxf6 10. Nf3 Bd6 11. b3 O-O 12. Bb2 Qc7 13. Rc1 a6 14. O-O Ng4 15.
Ng3 g6 16. Re1 Qg7 17. Qe2 Bd7 18. h3 Nh6 19. Ne5 Rac8 20. Nf1 Nf5 21. Qg4 Nh6
22. Qh4 Nf5 23. Qg4 Nh6 24. Qh4 1/2-1/2

[Event "London Classic FIDE Open"]
[Site "London ENG"]
[Date "2011.12.06"]
[Round "4"]
[White "Shweta, Gole"]
[Black "Burnham, Frank D"]
[Result "1-0"]
[WhiteElo "1999"]
[BlackElo "1788"]
[WhiteFideId "5068487"]
[BlackFideId "419516"]
[EventDate "2011.12.03"]

1. d4 d5 2. Nf3 e6 3. Bf4 Nf6 4. e3 Be7 5. Bd3 O-O 6. Nbd2 Nbd7 7. Ne5 c5 8. c3
Qb6 9. Rb1 Bd6 10. Qf3 c4 11. Bc2 Qc7 12. Qg3 Kh8 13. Ng6+ fxg6 14. Bxd6 Qd8 15.
Bxf8 Qxf8 16. O-O a6 17. Nf3 Ng8 18. Qh3 Qe8 19. Nh4 Nh6 20. Nf3 e5 21. dxe5
Nxe5 22. Qg3 Nhf7 23. Rfe1 Bf5 24. Bxf5 gxf5 25. Rbd1 Rd8 26. Rd2 Ng4 27. Qf4
Nfh6 28. Red1 Nf6 29. Qxc4 Nhg4 30. Qf4 g6 31. h3 Nh5 32. Qd4+ Ngf6 33. g4 fxg4
34. hxg4 Kg8 35. gxh5 Nxh5 36. Qe5 Qf7 37. Rxd5 Rf8 38. Rd8 Qxf3 39. Qd5+ Qxd5
40. R1xd5 Nf6 41. Rxf8+ Kxf8 42. Rd8+ Ke7 43. Rb8 b5 44. Rb6 h5 45. Rxa6 g5 46.
Rb6 g4 47. Rxb5 Ke6 48. a4 Kd6 49. a5 Ne4 50. a6 g3 51. fxg3 1-0

[Event "London Classic FIDE Open"]
[Site "London ENG"]
[Date "2011.12.06"]
[Round "4"]
[White "Hayward, Alan"]
[Black "Amier, Hamzah B. Mohd Zuhri"]
[Result "1-0"]
[BlackTitle "CM"]
[WhiteElo "1984"]
[BlackElo "1745"]
[WhiteFideId "415936"]
[BlackFideId "5704588"]
[EventDate "2011.12.03"]

1. d4 d5 2. Nc3 c6 3. e4 e6 4. exd5 exd5 5. Bd3 Bd6 6. Nge2 Ne7 7. O-O O-O 8. a4
Bf5 9. Ng3 Bg6 10. Nce2 Qc7 11. h4 Nd7 12. h5 Bxd3 13. Qxd3 f5 14. Bg5 f4 15.
Bxe7 Bxe7 16. Nf5 Bf6 17. c3 Rae8 18. Rfe1 Re6 19. Qf3 Rfe8 20. Kf1 Bg5 21. Ng1
Re4 22. Nh3 h6 23. Nxg5 hxg5 24. h6 g6 25. Ng7 R8e7 26. Qg4 Qd8 27. Rxe4 Rxe4
28. Ne6 Qb6 29. Nxg5 Qxb2 30. Rd1 Nf6 31. Qf3 Re8 32. Nh3 Ne4 33. Qg4 g5 34. Qd7 1-0

[Event "London Classic FIDE Open"]
[Site "London ENG"]
[Date "2011.12.06"]
[Round "4"]
[White "Bishop, Geoffrey L"]
[Black "Iyengar, Ilya"]
[Result "0-1"]
[WhiteElo "1791"]
[BlackElo "1974"]
[WhiteFideId "417491"]
[BlackFideId "405949"]
[EventDate "2011.12.03"]

1. e4 c5 2. Nf3 e6 3. d4 cxd4 4. Nxd4 Nf6 5. Nc3 d6 6. Bc4 a6 7. Bb3 b5 8. f4 b4
9. e5 dxe5 10. fxe5 bxc3 11. exf6 cxb2 12. Ba4+ Bd7 13. Bxd7+ Nxd7 14. fxg7 Qh4+
15. g3 Qe4+ 16. Kf2 bxa1=Q 17. gxh8=Q Ne5 18. Qxf8+ Kxf8 19. Bh6+ Kg8 20. Qxa1
Ng4+ 21. Kg1 Nxh6 22. h3 Rd8 23. c3 e5 24. Qc1 Rd6 25. Nb3 Qe2 0-1

[Event "London Classic FIDE Open"]
[Site "London ENG"]
[Date "2011.12.06"]
[Round "4"]
[White "Amato, Giampiero"]
[Black "Forsa, Elise"]
[Result "0-1"]
[WhiteElo "1973"]
[BlackElo "1728"]
[WhiteFideId "813303"]
[BlackFideId "1500163"]
[EventDate "2011.12.03"]

1. e4 c5 2. Nf3 e6 3. d4 cxd4 4. Nxd4 a6 5. Bd3 Bc5 6. Nb3 Be7 7. O-O Nf6 8. c4
d6 9. Nc3 b6 10. f4 Nbd7 11. Qe2 Qc7 12. Be3 Bb7 13. Rae1 Nc5 14. Nxc5 bxc5 15.
Bf2 Qc6 16. Bh4 Ng8 17. Bc2 Qb6 18. Ba4+ Bc6 19. Bxc6+ Qxc6 20. Bxe7 Nxe7 21.
Rf3 Qc7 22. Rg3 Rg8 23. f5 Nc6 24. Qh5 O-O-O 25. fxe6 fxe6 26. Qg4 Qd7 27. Qd1
Na5 0-1

[Event "London Classic FIDE Open"]
[Site "London ENG"]
[Date "2011.12.06"]
[Round "4"]
[White "York-Andersen, Anna"]
[Black "Calder, Dennis"]
[Result "0-1"]
[WhiteElo "1755"]
[BlackElo "1953"]
[WhiteFideId "416789"]
[BlackFideId "4697359"]
[EventDate "2011.12.03"]

1. e4 e5 2. Nf3 Nc6 3. d4 exd4 4. Nxd4 Bc5 5. Be3 Qf6 6. c3 Nge7 7. Bc4 O-O 8.
O-O Ne5 9. Be2 Qg6 10. Nd2 d6 11. Kh1 Ng4 12. Bxg4 Bxg4 13. f3 Bd7 14. Nc2 Bxe3
15. Nxe3 Bc6 16. Nb3 b6 17. Nd4 Bb7 18. a4 h5 19. Nb5 Rfc8 20. Nd4 Rd8 21. Ndf5
Nxf5 22. Nxf5 Qf6 23. Ne3 0-1

[Event "London Classic FIDE Open"]
[Site "London ENG"]
[Date "2011.12.06"]
[Round "4"]
[White "Johnsen, Oystein"]
[Black "Pattni, Kishan"]
[Result "1/2-1/2"]
[WhiteElo "1949"]
[BlackElo "1687"]
[WhiteFideId "1515861"]
[BlackFideId "420751"]
[EventDate "2011.12.03"]

1. d4 f5 2. Nc3 Nf6 3. Bg5 d5 4. Bxf6 exf6 5. g3 c6 6. a3 Bd6 7. Qd2 b5 8. Bg2
Be6 9. Nh3 g5 10. e3 Nd7 11. Na2 a5 12. Nc1 h5 13. Nd3 Nb6 14. b3 Ra7 15. Nc5
Bxc5 16. dxc5 Nd7 17. Qd4 O-O 18. c4 bxc4 19. bxc4 Ne5 20. Nxg5 fxg5 21. Qxe5
Qf6 22. Qxf6 Rxf6 23. cxd5 cxd5 24. Rd1 Rc7 25. Bxd5 Rxc5 26. Bxe6+ Rxe6 27. Ke2
Rc2+ 28. Rd2 Rc3 29. Rd3 Rc2+ 1/2-1/2

[Event "London Classic FIDE Open"]
[Site "London ENG"]
[Date "2011.12.06"]
[Round "4"]
[White "Gisbert Mir, Alejandro"]
[Black "Milnes, Anthony C P"]
[Result "1/2-1/2"]
[WhiteElo "1793"]
[BlackElo "2055"]
[WhiteFideId "22253653"]
[BlackFideId "409634"]
[EventDate "2011.12.03"]

1. d4 e6 2. c4 f5 3. Nf3 Nf6 4. g3 Be7 5. Bg2 O-O 6. O-O d6 7. Nc3 Ne4 8. Qc2
Nxc3 9. bxc3 Nc6 10. e4 e5 11. exf5 Bxf5 12. Qd2 e4 13. Ng5 Na5 14. Bxe4 Bxe4
15. Nxe4 Nxc4 16. Qe2 d5 17. Nd2 Nxd2 18. Bxd2 Qd7 19. Rae1 Rae8 20. Qe6+ Qxe6
21. Rxe6 Kf7 22. Re5 1/2-1/2

[Event "London Classic FIDE Open"]
[Site "London ENG"]
[Date "2011.12.06"]
[Round "4"]
[White "Kane, Robert"]
[Black "Staneland, Peter E"]
[Result "1/2-1/2"]
[WhiteElo "1888"]
[BlackElo "1812"]
[WhiteFideId "420468"]
[BlackFideId "416576"]
[EventDate "2011.12.03"]

1. d4 Nf6 2. Nf3 b6 3. e3 Bb7 4. c4 e6 5. Bd3 c5 6. Nc3 cxd4 7. exd4 d5 8. O-O
dxc4 9. Bxc4 Be7 10. Ne5 O-O 11. Re1 Nc6 12. Nxc6 Bxc6 13. Bb3 Qd7 14. Be3 Rfd8
15. f3 Rac8 16. Rc1 Qb7 17. Bf2 Rd7 18. Bc2 g6 19. Qd2 Rcd8 20. Bb3 Bf8 21. Qf4
Bg7 22. Rcd1 Nh5 23. Qg4 Qb8 24. Ne4 Bd5 25. Bxd5 Rxd5 26. Nc3 f5 27. Qg5 Bf6
28. Qc1 R5d6 29. Nb5 Rc8 30. Qe3 Rdc6 31. Qb3 Ng7 32. d5 exd5 33. Qxd5+ Kh8 34.
Bg3 f4 35. Bf2 Nf5 36. Qf7 Bxb2 37. Rd7 Bg7 38. Rb7 Qa8 39. Rxa7 Qb8 40. Rb7 Qa8
41. Ra7 1/2-1/2

[Event "London Classic FIDE Open"]
[Site "London ENG"]
[Date "2011.12.06"]
[Round "4"]
[White "Marchant, Geoffrey"]
[Black "Keuneke, Hanno"]
[Result "1/2-1/2"]
[WhiteElo "1880"]
[BlackElo "1782"]
[WhiteFideId "470759"]
[BlackFideId "4609271"]
[EventDate "2011.12.03"]

1. e4 e5 2. Nf3 Nc6 3. Bb5 a6 4. Ba4 Nf6 5. O-O Be7 6. Re1 b5 7. Bb3 d6 8. c3
O-O 9. h3 Na5 10. Bc2 c5 11. d4 Qc7 12. Nbd2 Nc6 13. Nf1 cxd4 14. cxd4 exd4 15.
Bf4 Bb7 16. Rc1 Rac8 17. Ng3 Qb6 18. Nf5 Rfe8 19. Bxd6 g6 20. Nxe7+ Nxe7 21. Be5
Rcd8 22. Bxd4 Qa5 23. Qe2 Nh5 24. a3 Nf5 25. Bc5 Nf4 26. Qf1 Nd6 27. Be3 Ne6 28.
Nd2 Rc8 29. f3 Qd8 30. Qd3 Qe7 31. Bb3 Red8 32. Qe2 Qf6 33. Nf1 Nf4 34. Bxf4
Qxf4 35. Ne3 Ne8 36. Bd5 Rxc1 37. Rxc1 Bxd5 38. exd5 Rxd5 39. Rc3 Re5 40. Qf2
Qd4 1/2-1/2

[Event "London Classic FIDE Open"]
[Site "London ENG"]
[Date "2011.12.06"]
[Round "4"]
[White "Homolka, Vincent"]
[Black "Haddock, Paul"]
[Result "1-0"]
[WhiteElo "1859"]
[BlackElo "1695"]
[WhiteFideId "423033"]
[BlackFideId "419150"]
[EventDate "2011.12.03"]

1. e4 c5 2. d3 Nc6 3. g3 d6 4. Bg2 Nf6 5. f4 e6 6. Nf3 Qc7 7. O-O g6 8. c3 Bg7
9. h3 O-O 10. Be3 Rb8 11. Na3 a6 12. Qd2 b5 13. Nh4 b4 14. Nc2 bxc3 15. bxc3 Qa5
16. e5 dxe5 17. Bxc6 exf4 18. Bxf4 Rb6 19. Bc7 1-0

[Event "London Classic FIDE Open"]
[Site "London ENG"]
[Date "2011.12.06"]
[Round "4"]
[White "Turner, David J"]
[Black "Rogers, Tim L"]
[Result "1-0"]
[WhiteElo "1775"]
[BlackElo "2061"]
[WhiteFideId "419737"]
[BlackFideId "418137"]
[EventDate "2011.12.03"]

1. e4 c6 2. d3 d5 3. Nd2 e5 4. g3 Nf6 5. Bg2 Bg4 6. Ngf3 dxe4 7. dxe4 Bc5 8. O-O
Nbd7 9. h3 Bh5 10. a4 O-O 11. c3 a5 12. Qc2 Bg6 13. Nh4 Nh5 14. Kh2 Nf4 15. Nxg6
Nxg6 16. Nc4 b5 17. Ne3 Nf6 18. Nf5 Qc7 19. Qe2 Qb6 20. h4 Rfe8 21. h5 Nf8 22.
Qf3 g6 23. Nh6+ Kg7 24. Bg5 Be7 25. Bh3 Qc7 26. hxg6 hxg6 27. Kg2 N8h7 28. Be3
Rf8 29. Rfd1 Rad8 30. Rxd8 Rxd8 31. g4 Bf8 32. Kg3 Ng8 33. Nxg8 Kxg8 34. Bf1
bxa4 35. Rxa4 Be7 36. b4 1-0

[Event "London Classic FIDE Open"]
[Site "London ENG"]
[Date "2011.12.06"]
[Round "4"]
[White "Vlcek, Marek"]
[Black "Zygourakis, Themistoklis"]
[Result "1-0"]
[WhiteElo "1935"]
[BlackElo "1688"]
[WhiteFideId "327611"]
[BlackFideId "4215141"]
[EventDate "2011.12.03"]

1. Nf3 d5 2. c4 e6 3. g3 c6 4. Bg2 Nf6 5. O-O Be7 6. b3 Nbd7 7. Bb2 Qb6 8. Qc2
O-O 9. Nc3 Rd8 10. d4 Nf8 11. e3 Ng6 12. c5 Qc7 13. b4 b6 14. cxb6 axb6 15. a3
Ba6 16. Rfc1 Qd7 17. e4 dxe4 18. Nxe4 Rac8 19. h4 Nxe4 20. Qxe4 Bb7 21. Qe3 Bf6
22. Ne5 Qe8 23. Ng4 Be7 24. h5 Nf8 25. b5 h6 26. Rc2 f6 27. Rac1 Qxh5 28. bxc6
Ba8 29. Nh2 Qb5 30. Bf1 Qd5 31. Bc4 Qd6 32. Bb5 f5 33. Nf3 Qd5 34. a4 Rc7 35.
Ne5 Rdc8 36. Qd3 g5 37. f3 Kg7 38. Nc4 Rb8 39. Ne3 Qd6 40. d5+ Kg8 41. Qd4 Qxg3+
42. Rg2 e5 43. Qxe5 Qxe5 44. Bxe5 Bc5 45. Rxc5 bxc5 46. Bxc7 Rc8 47. Bd6 f4 48.
Nf5 Ng6 49. Bxc5 Kh7 50. Rh2 Nh4 51. Nxh4 gxh4 52. Rxh4 Rg8+ 53. Kf2 Rd8 54.
Bd3+ Kg7 55. Bd4+ Kg8 56. Rg4+ Kf7 57. Rxf4+ Kg8 58. Be4 Bxc6 59. dxc6 Rxd4 60.
Bh7+ Kxh7 61. Rxd4 h5 62. Rd6 h4 63. c7 h3 64. c8=Q h2 65. Qc7+ 1-0

[Event "London Classic FIDE Open"]
[Site "London ENG"]
[Date "2011.12.06"]
[Round "4"]
[White "Lie, Terje"]
[Black "Caorlin, Marco"]
[Result "1-0"]
[WhiteElo "1644"]
[BlackElo "1884"]
[WhiteFideId "1504916"]
[BlackFideId "1317849"]
[EventDate "2011.12.03"]

1. d4 d5 2. Nf3 Nf6 3. g3 e6 4. Bg2 Be7 5. O-O O-O 6. c4 dxc4 7. Nc3 c5 8. dxc5
Nc6 9. Nd2 Ne5 10. Nde4 Nxe4 11. Nxe4 Qa5 12. Bf4 Rd8 13. Qc2 Ng6 14. Bd6 Bxd6
15. cxd6 f5 16. Ng5 h6 17. Nf3 Rxd6 18. Qxc4 Qd8 19. e3 b5 20. Qb3 Bb7 21. Nd4
Bd5 22. Bxd5 exd5 23. Nxf5 Rf6 24. Nd4 a6 25. Rac1 Qd7 26. f4 Ne7 27. Rfd1 Kh8
28. Rc5 Rd6 29. Kg2 Rd8 30. Rdc1 Qg4 31. Qd3 h5 32. h3 Qg6 33. Qxg6 Nxg6 34. Rc6
Kh7 35. Rxd6 Rxd6 36. Rc6 Rxc6 37. Nxc6 Kg8 38. Nb4 Ne7 39. Nxa6 Kf7 40. Nb4 Ke6
41. Kf3 Kd6 42. Nd3 Nc6 43. a3 Na5 44. e4 d4 45. g4 hxg4+ 46. hxg4 Nc4 47. f5
Ne5+ 48. Nxe5 Kxe5 49. b3 d3 50. a4 d2 51. Ke2 d1=Q+ 52. Kxd1 bxa4 53. bxa4 Kxe4
54. a5 Kd5 55. Ke2 Kc5 56. g5 Kb5 57. f6 gxf6 58. gxf6 Kxa5 1-0

[Event "London Classic FIDE Open"]
[Site "London ENG"]
[Date "2011.12.07"]
[Round "5"]
[White "Jones, Gawain C B"]
[Black "Houska, Jovanka"]
[Result "1/2-1/2"]
[WhiteTitle "GM"]
[BlackTitle "IM"]
[WhiteElo "2635"]
[BlackElo "2415"]
[WhiteFideId "409561"]
[BlackFideId "405094"]
[EventDate "2011.12.03"]

1. c4 e6 2. d4 d5 3. Nc3 Be7 4. cxd5 exd5 5. Bf4 c6 6. e3 Bd6 7. Bxd6 Qxd6 8.
Bd3 Nf6 9. Qc2 Bg4 10. h3 Be6 11. f4 Qe7 12. Nf3 c5 13. dxc5 Qxc5 14. Nd4 Nc6
15. O-O-O O-O 16. a3 Nxd4 17. exd4 Qd6 18. Qd2 Rfc8 19. Kb1 Rab8 20. g4 Bd7 21.
Rc1 b5 22. Na2 Ne4 23. Bxe4 dxe4 24. Rxc8+ Rxc8 25. Rc1 Rxc1+ 26. Kxc1 h5 27.
gxh5 Qe6 28. Nc3 Qxh3 29. Qe1 Bf5 30. Nd5 Qxh5 31. Ne7+ Kh7 32. d5 g6 33. Qe3
Qh1+ 34. Kc2 Bg4 35. Kc3 a5 36. Nc6 Qf3 37. Kd4 Qg2 38. b4 axb4 39. axb4 Bf5 40.
d6 Qf1 41. Na5 Kg8 42. Kc5 Qf3 43. Kd4 Kf8 44. Qxf3 exf3 45. Ke3 Ke8 46. Nc6 Kd7
47. Nd4 f2 48. Kxf2 Bd3 49. Ke3 Bc4 50. Nc2 Kxd6 51. Kd4 f6 52. Ne3 Be6 53. Ke4
Bd7 54. Kd4 g5 55. fxg5 fxg5 56. Nf1 Ke6 57. Ng3 g4 58. Ke4 Bc6+ 59. Kd4 Kf6 60.
Kc5 Be8 61. Kd4 Kg5 62. Ke5 Bc6 63. Kd6 Be8 64. Ke5 Bg6 65. Ne2 Bd3 66. Ng3 Bc2
67. Ne2 Bb1 68. Ng3 Bd3 69. Nh1 Kh4 70. Kf4 Bc2 71. Ng3 Kh3 72. Nf1 Bd1 73. Ng3
Kg2 74. Ne4 Bf3 75. Nd6 Kf2 76. Nf5 Bd1 77. Ng3 Bf3 78. Nf5 Ke1 79. Kg3 Kd2 80.
Nd4 Be2 81. Nxb5 1/2-1/2

[Event "London Classic FIDE Open"]
[Site "London ENG"]
[Date "2011.12.07"]
[Round "5"]
[White "Berg, Emanuel"]
[Black "Ferguson, Mark"]
[Result "1/2-1/2"]
[WhiteTitle "GM"]
[BlackTitle "IM"]
[WhiteElo "2566"]
[BlackElo "2374"]
[WhiteFideId "1704060"]
[BlackFideId "403547"]
[EventDate "2011.12.03"]

1. e4 e5 2. Nf3 Nf6 3. Nxe5 d6 4. Nf3 Nxe4 5. d4 d5 6. Bd3 Nc6 7. O-O Be7 8. c4
Nb4 9. Be2 O-O 10. Nc3 Bf5 11. a3 Nxc3 12. bxc3 Nc6 13. Re1 Re8 14. Bf4 dxc4 15.
Bxc4 Bd6 16. Rxe8+ Qxe8 17. Ng5 Bg6 18. Bxd6 cxd6 19. h4 Qe7 20. Qg4 h6 21. Nf3
Qe4 22. Qg3 Bh5 23. Re1 Qc2 24. Re3 Rd8 25. Qf4 d5 26. Bd3 Qc1+ 27. Kh2 Qxa3 28.
Qc7 Bxf3 29. Qxd8+ Nxd8 30. Re8+ Qf8 31. Bh7+ Kxh7 32. Rxf8 Ne6 33. Rxf7 Bd1 34.
Rxb7 Nf4 35. Rxa7 Bb3 36. g3 Ne2 37. Kg2 Bc4 38. Ra3 Kg6 39. Kf3 Kf6 40. Ke3 g5
41. Kd2 Ng1 42. Ra1 Nf3+ 43. Ke3 Nh2 44. f3 g4 45. Ra8 gxf3 46. Rh8 Nf1+ 47.
Kxf3 Nd2+ 48. Kf4 Ne4 49. Rxh6+ Kg7 50. Rc6 Nxc3 51. g4 Ne2+ 52. Ke3 Ng3 53. Kf3
Ne4 54. Kf4 Nf6 55. Rc7+ Kg6 56. Rc6 Kg7 57. Rc7+ Kg6 58. Rc5 Kg7 59. Rc6 Nh7
60. Rc7+ Kg6 61. Rc6+ Kg7 62. Ke5 Nf8 63. Rd6 Nh7 64. Kf4 Nf8 65. Kg5 Nh7+ 66.
Kf5 Bd3+ 67. Kf4 Be4 68. Rd7+ Kg6 69. Rd6+ Kg7 70. Rd7+ Kg6 71. Rd6+ 1/2-1/2

[Event "London Classic FIDE Open"]
[Site "London ENG"]
[Date "2011.12.07"]
[Round "5"]
[White "Slavin, Alexei"]
[Black "Hillarp Persson, Tiger"]
[Result "1/2-1/2"]
[WhiteTitle "IM"]
[BlackTitle "GM"]
[WhiteElo "2400"]
[BlackElo "2530"]
[WhiteFideId "24104388"]
[BlackFideId "1700812"]
[EventDate "2011.12.03"]

1. d4 d6 2. Nf3 g6 3. c4 Bg7 4. Nc3 Nf6 5. h3 O-O 6. e4 a6 7. Be2 c6 8. Bg5 b5
9. e5 Ne8 10. O-O f6 11. Bh4 g5 12. Bg3 h6 13. exd6 exd6 14. c5 f5 15. Qb3+ Kh8
16. cxd6 Nxd6 17. Be5 Nf7 18. Bxg7+ Kxg7 19. Rad1 Nd7 20. Bd3 g4 21. hxg4 fxg4
22. Nh2 Nf6 23. Bb1 Qd6 24. Qc2 Re8 25. Qg6+ Kf8 26. f3 g3 27. Ng4 Nxg4 28. fxg4
Qxg6 29. Bxg6 Ra7 30. Rd3 Kg7 31. Bf5 Ng5 32. Rxg3 Rf7 33. Bxc8 Rxc8 34. Rxf7+
Kxf7 35. Re3 Rd8 36. Ne2 Ne6 37. Rc3 Nxd4 38. Nxd4 Rxd4 39. Rxc6 Rd2 40. Rxa6
Rxb2 41. Rxh6 Rxa2 42. Rb6 Ra4 43. g5 b4 44. Kh2 Ra5 45. g6+ Kg7 46. Kh3 b3 47.
Rxb3 1/2-1/2

[Event "London Classic FIDE Open"]
[Site "London ENG"]
[Date "2011.12.07"]
[Round "5"]
[White "Weber, Tom"]
[Black "Hunt, Adam C"]
[Result "0-1"]
[WhiteTitle "FM"]
[BlackTitle "IM"]
[WhiteElo "2355"]
[BlackElo "2458"]
[WhiteFideId "4000609"]
[BlackFideId "403970"]
[EventDate "2011.12.03"]

1. e4 c5 2. Nf3 d6 3. d4 cxd4 4. Nxd4 Nf6 5. Nc3 a6 6. Bc4 e6 7. Bb3 b5 8. Bg5
Bb7 9. Qe2 Nbd7 10. O-O-O Rc8 11. Rhe1 Rxc3 12. bxc3 Qa5 13. f3 b4 14. h4 bxc3
15. Kb1 Be7 16. Qc4 Nc5 17. Ne2 O-O 18. Qxc3 Qb6 19. Bd2 d5 20. e5 Nfd7 21. h5
Rc8 22. Qa5 Qa7 23. Nc3 Qb8 24. Ka1 Nxe5 25. Bf4 Bf6 26. Rd4 Nxb3+ 27. cxb3 Nc6 0-1

[Event "London Classic FIDE Open"]
[Site "London ENG"]
[Date "2011.12.07"]
[Round "5"]
[White "Cornette, Matthieu"]
[Black "Croad, Nicolas"]
[Result "1-0"]
[WhiteTitle "GM"]
[BlackTitle "FM"]
[WhiteElo "2548"]
[BlackElo "2292"]
[WhiteFideId "620084"]
[BlackFideId "4300793"]
[EventDate "2011.12.03"]

1. d4 Nf6 2. c4 e6 3. g3 d5 4. Nf3 dxc4 5. Bg2 Nc6 6. O-O Rb8 7. Nc3 a6 8. e4
Be7 9. Qe2 b5 10. Rd1 Nb4 11. Ne5 Nd7 12. Qg4 Kf8 13. h4 Nxe5 14. dxe5 Nd3 15.
Bf1 b4 16. Nb1 Qd4 17. Be3 Qxe5 18. Nd2 h5 19. Qf3 Nxb2 20. Nxc4 Nxc4 21. Bd4
Qb5 22. Rac1 Ne5 23. Qf4 Ng6 24. Qxc7 Qb7 25. Qa5 Nxh4 26. gxh4 Rh6 27. Bc5 Ke8
28. Rd4 Bd7 29. Bxe7 e5 30. Rc7 1-0

[Event "London Classic FIDE Open"]
[Site "London ENG"]
[Date "2011.12.07"]
[Round "5"]
[White "Radovanovic, Jovica"]
[Black "Tikkanen, Hans"]
[Result "1-0"]
[WhiteTitle "FM"]
[BlackTitle "GM"]
[WhiteElo "2309"]
[BlackElo "2586"]
[WhiteFideId "915912"]
[BlackFideId "1706446"]
[EventDate "2011.12.03"]

1. Nf3 c5 2. g3 Nc6 3. Bg2 g6 4. O-O Bg7 5. c4 d6 6. Nc3 e5 7. d3 Nge7 8. Rb1
Bf5 9. a3 Qd7 10. Re1 Rc8 11. Nd2 Bh3 12. Bh1 h5 13. Nf1 h4 14. e3 f5 15. Nd5
Nxd5 16. cxd5 Ne7 17. b4 Kf7 18. bxc5 Rxc5 19. d4 exd4 20. exd4 Rc7 21. Bg5 Bf6
22. Bxf6 Kxf6 23. Qd2 Bxf1 24. Re6+ Kg7 25. Qg5 hxg3 26. fxg3 Bb5 27. Rbe1 Re8
28. Bf3 Ng8 29. Qxg6+ Kf8 30. Rxe8+ Qxe8 31. Rxe8+ Bxe8 32. Qxd6+ Re7 33. Qf4 b5
34. d6 Re6 35. Bd5 Rf6 36. Qe5 Rg6 37. Bxg8 Rxg8 38. Qe7# 1-0

[Event "London Classic FIDE Open"]
[Site "London ENG"]
[Date "2011.12.07"]
[Round "5"]
[White "Hebden, Mark L"]
[Black "Lemeaux, David"]
[Result "1-0"]
[WhiteTitle "GM"]
[WhiteElo "2515"]
[BlackElo "2279"]
[WhiteFideId "400084"]
[BlackFideId "613843"]
[EventDate "2011.12.03"]

1. d4 Nf6 2. Nf3 d5 3. c4 c6 4. e3 e6 5. Bd3 Nbd7 6. b3 Bd6 7. Bb2 Qe7 8. Ne5
O-O 9. O-O c5 10. Nd2 cxd4 11. exd4 b6 12. Qf3 Bb7 13. Qh3 h6 14. Rae1 Bb4 15.
Re2 Nxe5 16. dxe5 Nd7 17. cxd5 Bxd5 18. Ne4 Bxe4 19. Bxe4 Rad8 20. Bb1 Rfe8 21.
Bc1 Nf8 22. Qg4 Kh8 23. Re3 Bd2 24. Rg3 f5 25. exf6 Qxf6 26. Rf3 Qe5 27. Ba3 Kg8
28. Qc4 Bg5 29. Qc2 Rd2 30. Rxf8+ Rxf8 31. Qh7+ Kf7 32. Bg6+ 1-0

[Event "London Classic FIDE Open"]
[Site "London ENG"]
[Date "2011.12.07"]
[Round "5"]
[White "Webb, Laurence E"]
[Black "Smith, Axel"]
[Result "0-1"]
[WhiteTitle "FM"]
[BlackTitle "IM"]
[WhiteElo "2283"]
[BlackElo "2480"]
[WhiteFideId "402389"]
[BlackFideId "1707930"]
[EventDate "2011.12.03"]

1. e4 c5 2. Nf3 e6 3. c3 d5 4. e5 d4 5. Bd3 Nc6 6. O-O Nge7 7. Re1 Ng6 8. g3 Be7
9. Qe2 O-O 10. h4 f6 11. Bxg6 hxg6 12. d3 dxc3 13. Nxc3 f5 14. Be3 b6 15. Rad1
Nd4 16. Bxd4 cxd4 17. Nb5 Bb7 18. Nd6 Bxf3 19. Qxf3 Bxd6 20. exd6 Qxd6 21. Rc1
Rac8 22. Qb7 Rxc1 23. Rxc1 f4 24. Kg2 fxg3 25. fxg3 Qe5 26. Qe4 Qxe4+ 27. dxe4
e5 28. Rc7 Rf7 29. Rc6 Rf6 30. Rc7 Rf7 31. Rc6 Kh7 32. Re6 d3 33. Rd6 Rc7 34.
Rxd3 Rc2+ 35. Kf3 Rxb2 36. a3 Ra2 37. Rb3 Kh6 38. Kg4 Re2 39. Kf3 Rc2 40. a4 Rc5
41. Kg2 g5 42. Kh3 gxh4 43. gxh4 Rc4 44. a5 Rxe4 45. axb6 axb6 46. Kg3 Kh5 47.
Rxb6 Rg4+ 48. Kf3 Kxh4 49. Re6 e4+ 50. Kf2 Rf4+ 51. Kg2 g5 52. Ra6 Kg4 53. Re6
Kf5 54. Re7 Rf3 55. Re8 Kf4 56. Rf8+ Ke3 57. Ra8 Rf5 58. Ra3+ Kf4 59. Ra4 Rb5
60. Ra8 Rb2+ 61. Kf1 Kf3 62. Rf8+ Ke3 63. Rg8 Rf2+ 64. Ke1 Rf5 65. Ra8 Kf3 66.
Kf1 g4 67. Ra7 e3 68. Re7 g3 69. Re8 g2+ 70. Kg1 e2 71. Re7 Rf4 0-1